000 00816 a2200193 4500
001 30662
005 20260407155616.0
008 260407a1975 arg spa d
003 AR-UNSa-BCEJYS
040 _aAR-UNSa-BCEJYS
_bspa
_cAR-UNSa-BCEJYS
080 _a657.633
_xDetalles técnicos de la auditoría. Comprobaciones internas
245 1 0 _aEnsayos sobre temas de auditoría
264 1 _aBuenos Aires :
_bEdiciones Macchi
_c1975
300 _a80 p.
_c25 cm.
505 _a1. Primeras auditorías - 2. Análisis de la cobertura de seguros - 3. Los libros de contabilidad. Su evolución e incidencia en el dictamen - 4. Las notas a los estados contables - 5. Los papeles de trabajo - 6. Programación de la auditoría.
942 _cBK
590 _aniveau_biblio:m niveau_hierar:0
100 1 _aWainstein, Mario
999 _c2102
_d2102